<?xml version="1.0" encoding="UTF-8"?><?xml-stylesheet type="text/xsl" href="static/style.xsl"?><OAI-PMH xmlns="http://www.openarchives.org/OAI/2.0/" xmlns:xsi="http://www.w3.org/2001/XMLSchema-instance" xsi:schemaLocation="http://www.openarchives.org/OAI/2.0/ http://www.openarchives.org/OAI/2.0/OAI-PMH.xsd"><responseDate>2026-04-18T04:25:15Z</responseDate><request verb="GetRecord" identifier="oai:www.recercat.cat:10459.1/70727" metadataPrefix="marc">https://recercat.cat/oai/request</request><GetRecord><record><header><identifier>oai:recercat.cat:10459.1/70727</identifier><datestamp>2024-12-05T22:18:39Z</datestamp><setSpec>com_2072_3622</setSpec><setSpec>col_2072_479130</setSpec></header><metadata><record xmlns="http://www.loc.gov/MARC21/slim" xmlns:dcterms="http://purl.org/dc/terms/" xmlns:xsi="http://www.w3.org/2001/XMLSchema-instance" xmlns:doc="http://www.lyncode.com/xoai" xsi:schemaLocation="http://www.loc.gov/MARC21/slim http://www.loc.gov/standards/marcxml/schema/MARC21slim.xsd">
   <leader>00925njm 22002777a 4500</leader>
   <datafield ind2=" " ind1=" " tag="042">
      <subfield code="a">dc</subfield>
   </datafield>
   <datafield ind2=" " ind1=" " tag="720">
      <subfield code="a">Vena Martínez, Ana Belén</subfield>
      <subfield code="e">author</subfield>
   </datafield>
   <datafield ind2=" " ind1=" " tag="720">
      <subfield code="a">Cabré, Xavier</subfield>
      <subfield code="e">author</subfield>
   </datafield>
   <datafield ind2=" " ind1=" " tag="720">
      <subfield code="a">Piñol, R.</subfield>
      <subfield code="e">author</subfield>
   </datafield>
   <datafield ind2=" " ind1=" " tag="720">
      <subfield code="a">Molina Seguin, Jessica</subfield>
      <subfield code="e">author</subfield>
   </datafield>
   <datafield ind2=" " ind1=" " tag="720">
      <subfield code="a">Purroy Garcia, Francisco</subfield>
      <subfield code="e">author</subfield>
   </datafield>
   <datafield ind2=" " ind1=" " tag="260">
      <subfield code="c">2021-03-11T12:09:46Z</subfield>
   </datafield>
   <datafield ind2=" " ind1=" " tag="260">
      <subfield code="c">2021-03-11T12:09:46Z</subfield>
   </datafield>
   <datafield ind2=" " ind1=" " tag="260">
      <subfield code="c">2020</subfield>
   </datafield>
   <datafield ind2=" " ind1=" " tag="520">
      <subfield code="a">Objetivo: Determinar la incidencia de la enfermedad cerebrovascular (ECV) y su tendencia en el área sanitaria de Lleida. Material y métodos: Estudio de cohortes de base poblacional que incluyó a toda la población del área sanitaria de Lleida (440.000 personas). Se utilizaron los listados del Conjunto Mínimo Básico de Datos (CMBD) de urgencias y de las altas hospitalarias en el periodo comprendido entre enero de 2010 y diciembre de 2014. Se seleccionaron todos los episodios de ictus. Se evaluaron las tasas brutas y las tasas estandarizadas por edad utilizando la población mundial como referencia. Se excluyeron aquellos casos sin confirmación diagnóstica por neuroimagen. Resultados: Se incluyeron 4.397 casos, de los cuales 1.617 (36,8%) fueron ≥80 años; 3.969 (90,3%) sujetos sufrieron un ictus isquémico, mientras que 1.741 (39,6%) casos correspondieron a mujeres. La tasa de incidencia cruda osciló entre los 192 (intervalo de confianza [IC] del 95%: 179-205) en 2012 y los 211 (IC 95%: 197-224) en 2013 casos cada 100.000 habitantes. Las tasas estandarizadas por edad oscilaron entre los 93 (IC 95%: 86-100) en 2012 y los 104 (IC 95%: 96-111) en 2013 casos por cada 100.000 habitantes. En todos los años, las tasas de incidencia fueron significativamente mayores entre los varones en comparación con las mujeres; y se incrementaron con la edad. Conclusiones: El impacto de la ECV en Lleida es equiparable a otras regiones europeas, pero que el envejecimiento de la población se traduce en una incidencia bruta elevada que se mantiene estable en los 5 años analizados.</subfield>
   </datafield>
   <datafield ind2=" " ind1=" " tag="520">
      <subfield code="a">Agència de Gestió d’Ajuts Universitaris i de Recerca, Generalitat de Catalunya (2017 SGR 1628).</subfield>
   </datafield>
   <datafield ind1="8" ind2=" " tag="024">
      <subfield code="a">http://hdl.handle.net/10459.1/70727</subfield>
   </datafield>
   <datafield tag="653" ind2=" " ind1=" ">
      <subfield code="a">Enfermedad cerebrovascular</subfield>
   </datafield>
   <datafield tag="653" ind2=" " ind1=" ">
      <subfield code="a">Anciano</subfield>
   </datafield>
   <datafield tag="653" ind2=" " ind1=" ">
      <subfield code="a">Incidencia</subfield>
   </datafield>
   <datafield tag="653" ind2=" " ind1=" ">
      <subfield code="a">Ictus</subfield>
   </datafield>
   <datafield ind2="0" ind1="0" tag="245">
      <subfield code="a">Evaluación de la incidencia y tendencia de la enfermedad cerebrovascular en la región sanitaria de Lleida (España) en el periodo 2010-2014</subfield>
   </datafield>
   <datafield ind2="0" ind1="0" tag="245">
      <subfield code="a">Assessment of incidence and trends in cerebrovascular disease in the healthcare district of Lleida (Spain) in the period 2010-2014</subfield>
   </datafield>
</record></metadata></record></GetRecord></OAI-PMH>